=LDR 00000nam 2200000 4500 =001 INLIS000000000022840 =005 20130612121545 =008 ***********************************Ind** =035 ##$$0010-061300000022840 =041 ##$$a Ind =082 ##$$a 633.183 =090 ##$$a 633.183, Nur-s =100 ##$$a Nurmala S.W, Tati =245 ##$$a Serealia sumber karbohidrat utama, DR. Tati Nurmala S.W =260 ##$$a 2003 $b Jakarta =300 ##$$a 90 hlm., ilus., 21 cm =650 ##$$a Tanaman Biji-bijian =850 ##$$a NBPNMAT =990 ##$$a 74847484 =990 ##$$a 01201807484